Match Sheet : Germany 7-1 Brazil - Statistics

General Stats
  • This quiz has been taken 71 times
  • The average score is 14 of 22
Answers on the Map
Answers color-coded by a green-red scale on the quiz's map according to % correct below.
 
Answer Stats
Answer % Correct
Manuel Neuer
100%
Thomas Müller
95%
Miroslav Klose
92%
David Luiz
90%
Philipp Lahm
90%
Jérôme Boateng
83%
Bastian Schweinsteiger
81%
Mats Hummels
79%
Oscar
79%
Toni Kroos
78%
Mesut Özil
75%
Júlio César
73%
Sami Khedira
70%
Marcelo
68%
Fred
52%
Hulk
51%
Benedikt Höwedes
48%
Fernandinho
38%
Dante
27%
Luiz Gustavo
27%
Maicon
27%
Bernard
13%
No matching quizzes found
Score Distribution
Percent of People with Each Score
Percentile by Number Answered
Your Score History
You have not taken this quiz